Szegedi asszonyok hősi helytállása veteránok 40 esztendős emlékei /
Elmentve itt :
| Szerző: | |
|---|---|
| Dokumentumtípus: | Cikk |
| Megjelent: |
1958-11-01
|
| Sorozat: | Délmagyarország
|
| Kulcsszavak: | Szeged története 1918 |
| Online Access: | http://dmarchiv.bibl.u-szeged.hu/53949 |
| LEADER | 00494nab a2200157 i 4500 | ||
|---|---|---|---|
| 001 | delm53949 | ||
| 005 | 20180927141915.0 | ||
| 008 | 180927s1958 hu o 0|| hun d | ||
| 040 | |a SZTE Délmagyarország Archívum |b hun | ||
| 041 | |a hun | ||
| 100 | 1 | |a Markovits Tibor | |
| 245 | 1 | 0 | |a Szegedi asszonyok hősi helytállása |h [elektronikus dokumentum] : |b veteránok 40 esztendős emlékei / |c Markovits Tibor |
| 260 | |c 1958-11-01 | ||
| 300 | |a 5 | ||
| 490 | 0 | |a Délmagyarország | |
| 695 | |a Szeged története 1918 | ||